[Event "Fejer County-ch"]
[Site "Szekesfehervar"]
[Date "2012.03.18"]
[Round "7"]
[White "Horvath, Miklos1"]
[Black "Kovacs, Imre"]
[Result "1-0"]
[WhiteElo "1797"]
[BlackElo "1893"]
[PlyCount "77"]
[EventDate "2012.03.15"]
[EventType "swiss"]
[EventRounds "7"]
[EventCountry "HUN"]
[SourceTitle "EXT 2019"]
[Source "ChessBase"]
[SourceDate "2018.10.10"]
[SourceVersion "1"]
[SourceVersionDate "2018.10.10"]
[SourceQuality "1"]

1. d4 Nf6 2. c4 e6 3. Bg5 Be7 4. e3 c6 5. Nc3 d5 6. Nf3 Nbd7 7. cxd5 exd5 8. Bd3 0-0 9. 0-0 h6 10. Bh4 Qc7 11. Rc1 Qd8 12. h3 Ne4 13. Bxe7 Qxe7 14. Qc2 f5 15. Ne2 g5 16. Nh2 Ndf6 17. Rce1 Bd7 18. f3 Nd6 19. Ng3 Qe6 20. Nxf5 Nxf5 21. Bxf5 Qe7 22. Bxd7 Qxd7 23. Ng4 Nxg4 24. hxg4 Rf6 25. Qb3 Kg7 26. g3 Raf8 27. Kg2 Qf7 28. Qd1 Rh8 29. Rh1 Rf8 30. f4 Qe8 31. Qd3 Qd7 32. f5 Rh8 33. e4 dxe4 34. Qxe4 Qd5 35. Qxd5 cxd5 36. Re5 Rc6 37. Re7+ Kf6 38. Rxb7 Rc4 39. Re1 1-0

[Event "Fejer County-ch"]
[Site "Szekesfehervar"]
[Date "2012.03.16"]
[Round "3"]
[White "Kovacs, Imre"]
[Black "Steiner, Laszlo"]
[Result "0-1"]
[WhiteElo "1893"]
[BlackElo "1654"]
[PlyCount "70"]
[EventDate "2012.03.15"]
[EventType "swiss"]
[EventRounds "7"]
[EventCountry "HUN"]
[SourceTitle "EXT 2019"]
[Source "ChessBase"]
[SourceDate "2018.10.10"]
[SourceVersion "1"]
[SourceVersionDate "2018.10.10"]
[SourceQuality "1"]

1. d4 Nf6 2. c4 e6 3. Nc3 c6 4. Nf3 Bb4 5. Qc2 0-0 6. e3 d5 7. Bd2 Bxc3 8. Bxc3 Ne4 9. Bb4 Re8 10. Bd3 f5 11. 0-0 Nd7 12. b3 Qc7 13. Ba3 b6 14. Rac1 Ba6 15. cxd5 Bxd3 16. Qxd3 exd5 17. Rc2 Qb7 18. Rfc1 Rac8 19. b4 b5 20. Bb2 Re6 21. Ne5 Nb8 22. Qe2 g6 23. Nd3 Nd7 24. Nf4 Ree8 25. Qf3 Nd6 26. h4 Nc4 27. g4 fxg4 28. Qxg4 Nf6 29. Qg5 Qf7 30. Nd3 Re4 31. Kh1 Rg4 32. Qh6 Ne4 33. Rg1 Qf3+ 34. Kh2 Rxg1 35. Kxg1 Qd1+ 0-1

[Event "HUN-chT2 Asztalos 0809"]
[Site "Hungary"]
[Date "2009.04.05"]
[Round "10"]
[White "Kovacs, Imre"]
[Black "Szabo, Lorinc"]
[Result "0-1"]
[WhiteElo "1962"]
[BlackElo "1932"]
[PlyCount "56"]
[EventDate "2008.10.26"]
[EventType "tourn"]
[EventRounds "11"]
[EventCountry "HUN"]
[SourceTitle "EXT 2010"]
[Source "ChessBase"]
[SourceDate "2010.11.25"]
[SourceVersion "1"]
[SourceVersionDate "2010.11.25"]
[SourceQuality "1"]
[WhiteTeam "MAV Elore"]
[BlackTeam "Fehervar"]
[WhiteTeamCountry "HUN"]
[BlackTeamCountry "HUN"]

1. e4 c5 2. c3 Nf6 3. e5 Nd5 4. d4 cxd4 5. Qxd4 Nb6 6. Nf3 Nc6 7. Qe3 e6 8. Bd3 d5 9. Qe2 Nd7 10. Bf4 a6 11. Nbd2 b5 12. 0-0 Nc5 13. Bc2 Bb7 14. Nb3 Nxb3 15. Bxb3 Bc5 16. Bc2 h6 17. Rfd1 Qb6 18. b4 Be7 19. a4 bxa4 20. Bxa4 Bc8 21. b5 axb5 22. Bxb5 Rxa1 23. Rxa1 Bd7 24. Be3 Qc7 25. Ra8+ Bd8 26. Bxc6 Qxc6 27. Ra3 Be7 28. Rb3 0-0 0-1

[Event "HUN-chT2 Asztalos 0809"]
[Site "Hungary"]
[Date "2009.03.08"]
[Round "9"]
[White "Holczl, Attila"]
[Black "Kovacs, Imre"]
[Result "1-0"]
[WhiteElo "1995"]
[BlackElo "1962"]
[PlyCount "57"]
[EventDate "2008.10.26"]
[EventType "tourn"]
[EventRounds "11"]
[EventCountry "HUN"]
[SourceTitle "EXT 2010"]
[Source "ChessBase"]
[SourceDate "2010.11.25"]
[SourceVersion "1"]
[SourceVersionDate "2010.11.25"]
[SourceQuality "1"]
[WhiteTeam "Dombovar"]
[BlackTeam "MAV Elore"]
[WhiteTeamCountry "HUN"]
[BlackTeamCountry "HUN"]

1. d4 Nf6 2. Nf3 g6 3. c4 Bg7 4. Nc3 d5 5. cxd5 Nxd5 6. e4 Nxc3 7. bxc3 c5 8. Bb5+ Bd7 9. Bxd7+ Nxd7 10. 0-0 0-0 11. Qb3 b6 12. e5 cxd4 13. cxd4 Rc8 14. Bb2 e6 15. Rac1 Nb8 16. Rxc8 Qxc8 17. Ng5 Qb7 18. f3 Rc8 19. Ne4 Bf8 20. Ba3 Bxa3 21. Qxa3 Rc2 22. Nf6+ Kg7 23. Qa4 Rc6 24. h3 b5 25. Qa3 b4 26. Qe3 Rc3 27. Qf4 Qc7 28. Ng4 Nd7 29. Qh6+ 1-0

[Event "HUN-chT2 Asztalos 0809"]
[Site "Hungary"]
[Date "2009.02.22"]
[Round "8"]
[White "Percze, Gabor"]
[Black "Kovacs, Imre"]
[Result "1-0"]
[WhiteElo "2071"]
[BlackElo "1962"]
[PlyCount "43"]
[EventDate "2008.10.26"]
[EventType "tourn"]
[EventRounds "11"]
[EventCountry "HUN"]
[SourceTitle "EXT 2010"]
[Source "ChessBase"]
[SourceDate "2010.11.25"]
[SourceVersion "1"]
[SourceVersionDate "2010.11.25"]
[SourceQuality "1"]
[WhiteTeam "Nagyatad"]
[BlackTeam "MAV Elore"]
[WhiteTeamCountry "HUN"]
[BlackTeamCountry "HUN"]

1. e4 g6 2. d4 Bg7 3. Nc3 d6 4. f4 Nh6 5. Nf3 0-0 6. Bc4 c6 7. 0-0 b5 8. Bd3 b4 9. Ne2 Ba6 10. Qe1 Bxd3 11. cxd3 a5 12. Qh4 f6 13. g4 Nf7 14. Kh1 Na6 15. Rg1 Nc7 16. Rg3 Qe8 17. Bd2 Rc8 18. Rag1 Ne6 19. g5 fxg5 20. fxg5 Nexg5 21. Bxg5 Bf6 22. Bxf6 1-0

[Event "HUN-chT2 Asztalos 0809"]
[Site "Hungary"]
[Date "2009.01.11"]
[Round "5"]
[White "Turi, Istvan"]
[Black "Kovacs, Imre"]
[Result "0-1"]
[WhiteElo "1904"]
[BlackElo "1962"]
[PlyCount "102"]
[EventDate "2008.10.26"]
[EventType "tourn"]
[EventRounds "11"]
[EventCountry "HUN"]
[SourceTitle "EXT 2010"]
[Source "ChessBase"]
[SourceDate "2010.11.25"]
[SourceVersion "1"]
[SourceVersionDate "2010.11.25"]
[SourceQuality "1"]
[WhiteTeam "Baja"]
[BlackTeam "MAV Elore"]
[WhiteTeamCountry "HUN"]
[BlackTeamCountry "HUN"]

1. d4 Nf6 2. c4 g6 3. Nc3 d5 4. e3 Bg7 5. Nf3 0-0 6. Bd2 c6 7. Bd3 Nbd7 8. 0-0 dxc4 9. Bxc4 Nb6 10. Bb3 Bg4 11. h3 Bf5 12. Nh4 Bd3 13. Re1 Bc4 14. Bc2 Be6 15. b3 Nfd5 16. Ne4 Nd7 17. Ng5 Nc7 18. Rc1 Nf6 19. Ba5 Qd5 20. Bxc7 Qxg5 21. Nf3 Qd5 22. e4 Qd7 23. Bf4 Qd8 24. Qd2 Rc8 25. Bb1 Ne8 26. Be3 b6 27. Ng5 Bd7 28. f4 e6 29. g4 f5 30. exf5 exf5 31. Qg2 Qf6 32. Nf3 Qd6 33. Rcd1 Nc7 34. Ne5 Nd5 35. gxf5 Bxf5 36. Be4 Bxe4 37. Qxe4 Qe6 38. Qf3 Rf5 39. Qg3 Rcf8 40. Nd3 Qf6 41. Ne5 Qe6 42. Nd3 Nc3 43. Ne5 Nxd1 44. Rxd1 Bh6 45. Rf1 Bg7 46. Re1 Qd5 47. Rc1 R8f6 48. Ng4 Re6 49. Qf2 g5 50. Qd2 gxf4 51. Bxf4 Qf3 0-1

[Event "HUN-chT2 Asztalos 0405"]
[Site "Hungary"]
[Date "2005.03.06"]
[Round "9"]
[White "Kadlicsko, Jozsef1"]
[Black "Kovacs, Imre"]
[Result "1/2-1/2"]
[WhiteElo "2123"]
[BlackElo "2023"]
[PlyCount "41"]
[EventDate "2004.09.26"]
[EventType "team-tourn"]
[EventRounds "11"]
[EventCountry "HUN"]
[SourceTitle "EXT 2009"]
[Source "ChessBase"]
[SourceDate "2008.11.26"]
[SourceVersion "1"]
[SourceVersionDate "2008.11.26"]
[SourceQuality "1"]
[WhiteTeam "Fehervar"]
[BlackTeam "MAV Elore"]
[WhiteTeamCountry "HUN"]
[BlackTeamCountry "HUN"]

1. d4 Nf6 2. c4 g6 3. Nc3 d5 4. g3 Bg7 5. cxd5 Nxd5 6. Bg2 Nxc3 7. bxc3 0-0 8. Nf3 c5 9. 0-0 Nc6 10. e3 Qc7 11. Ba3 b6 12. Rc1 Rd8 13. Qa4 Bd7 14. dxc5 Ne5 15. Qh4 Bc6 16. Nxe5 Bxg2 17. Kxg2 Bxe5 18. cxb6 axb6 19. Bxe7 Rd2 20. Bb4 Raxa2 21. Qe4 1/2-1/2

[Event "HUN-chT2 Breyer 0304"]
[Site "Hungary"]
[Date "2004.03.21"]
[Round "9"]
[White "Kovacs, Imre"]
[Black "Toth, Szilvia"]
[Result "1-0"]
[WhiteElo "1987"]
[BlackElo "2016"]
[PlyCount "81"]
[EventDate "2003.09.28"]
[EventType "team-tourn"]
[EventRounds "11"]
[EventCountry "HUN"]
[SourceTitle "EXT 2009"]
[Source "ChessBase"]
[SourceDate "2008.11.26"]
[SourceVersion "1"]
[SourceVersionDate "2008.11.26"]
[SourceQuality "1"]
[WhiteTeam "MAV Elore"]
[BlackTeam "Zoltek"]
[WhiteTeamCountry "HUN"]
[BlackTeamCountry "HUN"]

1. d4 d5 2. c4 c6 3. cxd5 cxd5 4. Nc3 e6 5. Nf3 Nc6 6. e3 a6 7. Bd3 Nf6 8. 0-0 Bd6 9. Qe2 Bd7 10. a3 Rc8 11. Bd2 0-0 12. e4 dxe4 13. Nxe4 Qe7 14. Bg5 Rfe8 15. Nxf6+ gxf6 16. Qe4 f5 17. Qh4 Qf8 18. Bf6 h6 19. Ne5 Nxe5 20. dxe5 Be7 21. f4 Bc6 22. b4 Kh7 23. Bxe7 Qxe7 24. Qxe7 Rxe7 25. Rfd1 Bd5 26. Bxf5+ exf5 27. Rxd5 Rec7 28. Rad1 Kg7 29. Rd7 Kf8 30. Rxc7 Rxc7 31. Rd3 Ke7 32. Kf2 Rc6 33. h4 Rc4 34. Kf3 Rc6 35. g4 fxg4+ 36. Kxg4 Rg6+ 37. Kh5 Re6 38. Rd6 Rxd6 39. exd6+ Kxd6 40. Kxh6 Ke6 41. Kg7 1-0